00339nam a2200097Ia 4500008004100000245009400041245003800135260000900173650001100182856004800193171211s9999 xx 000 0 und d aEurope from a Backpack: Real Stories from Young Travelers Abroad (From a Backpack series) cMark Pearson and Martin Westerman c2004 xTRAVEL uhttp://down.ebook777.com/060/0974355208.pdf